[Event "Medellin Luces Cup"]
[Site "Medellin"]
[Date "2017.12.19"]
[Round "3"]
[White "Bejar Caceres, Brayan Daniel"]
[Black "Caro Estrada, Jean Pool"]
[Result "0-1"]
[WhiteElo "1953"]
[BlackElo "1460"]
[PlyCount "104"]
[EventDate "2017.12.18"]
[EventType "swiss"]
[EventRounds "7"]
[EventCountry "COL"]
[SourceTitle "CBM 182 Extra"]
[Source "ChessBase"]
[SourceDate "2018.02.23"]
[SourceVersion "1"]
[SourceVersionDate "2018.02.23"]
[SourceQuality "1"]

1. e4 c5 2. Nf3 d6 3. c3 Nf6 4. h3 Nc6 5. Bd3 e6 6. Bc2 Be7 7. 0-0 b6 8. Re1 0-0 9. d3 Bb7 10. Bf4 Qd7 11. Qe2 Rad8 12. Nbd2 Qc8 13. Nf1 Ba6 14. Rad1 Rfe8 15. Ng3 Bf8 16. Bg5 Be7 17. Qe3 Nd7 18. Bxe7 Nxe7 19. Nh5 Qc6 20. Ng5 Ng6 21. f4 h6 22. Nf3 Qb5 23. Qc1 c4 24. f5 exf5 25. dxc4 Qc5+ 26. Nd4 fxe4 27. Nf4 Nxf4 28. Qxf4 Bxc4 29. Rxe4 Nf6 30. Re3 Rxe3 31. Qxe3 Re8 32. Qf2 Bd5 33. Nf5 Re2 34. Qxc5 dxc5 35. Bb3 Bxb3 36. axb3 Rxb2 37. Rd8+ Kh7 38. Rf8 Rxb3 39. g4 Rb1+ 40. Kg2 Rb2+ 41. Kf3 Rh2 42. Kg3 Rd2 43. Rxf7 Rd7 44. Rf8 Ne4+ 45. Kf4 Ng5 46. Kg3 Rd3+ 47. Kg2 Rd7 48. h4 Ne4 49. h5 Nxc3 50. Nh4 g5 51. Nf5 Nd5 52. Kf3 c4 0-1

[Event "Pan American-ch U20"]
[Site "Guatape"]
[Date "2016.06.25"]
[Round "9"]
[White "Bejar Caceres, Brayan Daniel"]
[Black "Soto, Miguel Angel"]
[Result "1/2-1/2"]
[WhiteElo "1957"]
[BlackElo "1972"]
[PlyCount "117"]
[EventDate "2016.06.20"]
[EventType "swiss"]
[EventRounds "9"]
[EventCountry "COL"]
[SourceTitle "EXT 2017"]
[Source "ChessBase"]
[SourceDate "2016.10.25"]
[SourceVersion "1"]
[SourceVersionDate "2016.10.25"]
[SourceQuality "1"]

1. e4 c5 2. Nf3 d6 3. c3 Nf6 4. Be2 g6 5. 0-0 Bg7 6. Bb5+ Bd7 7. Bxd7+ Qxd7 8. Re1 Nc6 9. d4 cxd4 10. cxd4 0-0 11. Nc3 Rfe8 12. Bf4 e5 13. dxe5 dxe5 14. Bg5 Qe6 15. Bxf6 Bxf6 16. Nd5 Rad8 17. Qa4 Rf8 18. Rac1 Bg7 19. Qb3 Rd7 20. Red1 Nd4 21. Qc4 h6 22. Nd2 Kh8 23. Nb3 b6 24. f3 f5 25. Nxd4 exd4 26. Nf4 Qf6 27. e5 Qg5 28. Rxd4 Rxd4 29. Qxd4 Rd8 30. Qe3 Bf8 31. h4 Bc5 32. Qxc5 Qxf4 33. Qc3 Qxh4 34. e6+ Kg8 35. Qe5 Qe7 36. g3 Qg7 37. Qxg7+ Kxg7 38. Rc7+ Kf6 39. e7 Re8 40. Rxa7 Rxe7 41. Ra6 Re6 42. a4 Kg5 43. a5 Re1+ 44. Kf2 Ra1 45. f4+ Kh5 46. b4 bxa5 47. Rxa5 Rb1 48. Rb5 Kg4 49. Rb6 g5 50. Rxh6 gxf4 51. Rh4+ Kg5 52. Rxf4 Rb2+ 53. Kf3 Rb3+ 54. Kg2 Rb2+ 55. Kh3 Rb3 56. Rc4 Rb2 57. Rd4 Rb3 58. Kg2 Rb2+ 59. Kf3 1/2-1/2

[Event "Pan American-ch U18"]
[Site "Cali"]
[Date "2015.07.01"]
[Round "6"]
[White "Rosero, Jefferson"]
[Black "Bejar Caceres, Brayan Daniel"]
[Result "1-0"]
[WhiteElo "2023"]
[BlackElo "1906"]
[PlyCount "75"]
[EventDate "2015.06.28"]
[EventType "swiss"]
[EventRounds "9"]
[EventCountry "COL"]
[SourceTitle "EXT 2016"]
[Source "ChessBase"]
[SourceDate "2015.10.08"]
[SourceVersion "1"]
[SourceVersionDate "2015.10.08"]
[SourceQuality "1"]

1. e4 g6 2. Bc4 Bg7 3. f4 d6 4. Qf3 e6 5. Ne2 Ne7 6. Nbc3 c6 7. Bb3 0-0 8. g4 d5 9. d3 c5 10. h4 b5 11. a3 c4 12. Ba2 Nd7 13. h5 Bb7 14. hxg6 fxg6 15. Qh3 Nc5 16. f5 exf5 17. Qxh7+ Kf7 18. Bh6 Rg8 19. exf5 gxf5 20. Rh5 Ne6 21. Rxf5+ Nxf5 22. Qxf5+ Qf6 23. Bxg7 Rxg7 24. Nxb5 cxd3 25. cxd3 Qxf5 26. Nd6+ Kf6 27. gxf5 Nf4 28. Kf2 Nxd3+ 29. Ke3 Ba6 30. Bxd5 Re7+ 31. Ne4+ Kxf5 32. Bxa8 Nxb2 33. Nd4+ Kg6 34. Rg1+ Kh7 35. Bd5 Bc4 36. Bxc4 Nxc4+ 37. Kf4 Rb7 38. Nf6+ 1-0

[Event "Carpuela CupT U20 6th"]
[Site "Carpuela"]
[Date "2015.06.04"]
[Round "5.2"]
[White "Bejar Caceres, Brayan Daniel"]
[Black "Gutierrez Feijoo, Isaac Andres"]
[Result "1-0"]
[WhiteElo "1906"]
[BlackElo "1607"]
[PlyCount "62"]
[EventDate "2015.06.01"]
[EventType "team-swiss"]
[EventRounds "7"]
[EventCountry "ECU"]
[SourceTitle "CBM 166 Extra"]
[Source "ChessBase"]
[SourceDate "2015.06.18"]
[SourceVersion "1"]
[SourceVersionDate "2015.06.18"]
[SourceQuality "1"]
[WhiteTeam "Chimborazo"]
[BlackTeam "Loja"]
[WhiteTeamCountry "ECU"]
[BlackTeamCountry "ECU"]

1. e4 e6 2. d4 d5 3. Nd2 Nf6 4. e5 Nfd7 5. Ngf3 c5 6. c3 Nc6 7. Bd3 g6 8. h4 Bg7 9. h5 0-0 10. a3 Qb6 11. b4 cxd4 12. cxd4 Nxd4 13. Bb2 Nxe5 14. Nxe5 Bxe5 15. Qg4 f5 16. Qh4 Bf6 17. hxg6 Bxh4 18. gxh7+ Kxh7 19. Rxh4+ Kg6 20. Bxd4 Qd8 21. Nf3 Qxh4 22. Nxh4+ Kf7 23. Nf3 Rd8 24. Rc1 Ke7 25. Ne5 Bd7 26. Rc7 Kd6 27. Rxb7 Be8 28. f4 Rdc8 29. Kd2 Rc7 30. Bc5+ Rxc5 31. bxc5+ Kxc5 1-0

[Event "South America-ch U18 11th"]
[Site "Montevideo"]
[Date "2014.09.12"]
[Round "7"]
[White "Bejar Caceres, Brayan Daniel"]
[Black "Laenen, Matias"]
[Result "0-1"]
[WhiteElo "1789"]
[BlackElo "1900"]
[PlyCount "86"]
[EventDate "2014.09.08"]
[EventType "swiss"]
[EventRounds "9"]
[EventCountry "URU"]
[SourceTitle "EXT 2016"]
[Source "ChessBase"]
[SourceDate "2015.10.08"]
[SourceVersion "1"]
[SourceVersionDate "2015.10.08"]
[SourceQuality "1"]

1. e4 e6 2. d4 d5 3. Nd2 c5 4. Ngf3 Nc6 5. exd5 exd5 6. Bb5 Bd6 7. 0-0 Nge7 8. c4 0-0 9. cxd5 Nxd4 10. Nxd4 cxd4 11. Nf3 Qb6 12. Bc4 Nf5 13. b3 Bd7 14. Bb2 Bc5 15. Qd3 Qf6 16. Rad1 a6 17. a4 Rfb8 18. Bxd4 Nxd4 19. Nxd4 Bg4 20. Rd2 Bb4 21. Ra2 Bc5 22. Ne2 b5 23. axb5 axb5 24. Rxa8 Rxa8 25. Bxb5 Ra1 26. Nc1 Ba3 27. Qc4 Qg5 28. f4 Qe7 29. Qc3 Rb1 30. Re1 Qxe1+ 31. Qxe1 Rxc1 32. Qxc1 Bxc1 33. g3 Ba3 34. Kg2 Kf8 35. Bd3 g6 36. h3 Bd1 37. Bc4 Ke7 38. g4 Bc2 39. Kf3 f5 40. Kg3 Bd6 41. h4 fxg4 42. Kxg4 Kf6 43. Kg3 Kf5 0-1

[Event "South America-ch U18 11th"]
[Site "Montevideo"]
[Date "2014.09.09"]
[Round "2"]
[White "Squella Lavin, Carlos Felipe"]
[Black "Bejar Caceres, Brayan Daniel"]
[Result "0-1"]
[WhiteElo "2133"]
[BlackElo "1789"]
[PlyCount "68"]
[EventDate "2014.09.08"]
[EventType "swiss"]
[EventRounds "9"]
[EventCountry "URU"]
[SourceTitle "EXT 2016"]
[Source "ChessBase"]
[SourceDate "2015.10.08"]
[SourceVersion "1"]
[SourceVersionDate "2015.10.08"]
[SourceQuality "1"]

1. d4 f5 2. e4 fxe4 3. Nc3 Nf6 4. Bg5 e6 5. Nxe4 Be7 6. Bxf6 Bxf6 7. Nf3 0-0 8. Bd3 d5 9. Ng3 c5 10. c3 cxd4 11. cxd4 Nc6 12. 0-0 Qb6 13. Ne2 Kh8 14. Qd2 Nxd4 15. Nexd4 Bxd4 16. Bxh7 Rxf3 17. gxf3 Kxh7 18. Kh1 Bd7 19. Qg5 Bf6 20. Qh5+ Kg8 21. Rae1 Qd6 22. Rg1 d4 23. Rg3 e5 24. Reg1 Rf8 25. Qh6 Qe7 26. Qg6 Qf7 27. Qd3 Bc6 28. Rh3 e4 29. fxe4 Qe6 30. Re1 Re8 31. Qg3 Bxe4+ 32. Kg1 d3 33. Rh5 Qc6 34. Rxe4 Qxe4 0-1